000 00280nam a2200121Ia 4500
008 190216s9999||||xx |||||||||||||| ||und||
100 _aSundharan. K.P.M
245 0 _aPublic Finance
260 _bSulthan Chand&Sons
_c1997
300 _a6.19
650 _aEconomics
942 _cBK
999 _c10351
_d10351